| 000 | 00000nam##2200000za#4500 |
| 001 | 9.572718 |
| 003 | CaOODSP |
| 005 | 20210624183343 |
| 007 | cr ||||||||||| |
| 008 | 150406|2006||||xxc|||||o f|0| 0 eng|d |
| 022 | |a1701-1280 |
| 040 | |aCaOODSP|beng |
| 043 | |an-cn--- |
| 086 | 1 |aFs70-4/2006-024E-PDF |
| 110 | 1 |aCanada. |bDepartment of Fisheries and Oceans. |
| 245 | 10|aNational DFO workshop on service-oriented architecture (SOA) and interoperability : |h[electronic resource]|bMaurice Lamontagne Institute, Mont-Joli, Québec, March 28–30, 2006 / |c[by] P. Lafond ... [et al.]. |
| 246 | 3 |aAtelier national du MPO sur l’architecture orientée service (SOA - Service Oriented Architecture) et l’interopérabilité |
| 260 | |aMont-Joli - Quebec : |bFisheries and Oceans Canada |cMarch 2006. |
| 300 | |a40p.|bglossary, references, tables |
| 490 | 1 |aCanadian Science Advisory Secretariat proceedings series|x1701-1280|v2006/024 |
| 546 | |aChiefly English, with bilingual foreword and summary. |
| 590 | |a11-32-Supp|b2011-12-20 |
| 720 | 1 |aLafond, P. |
| 830 | #0|aProceedings series (Canadian Science Advisory Secretariat)|x1701-1280|v2006/024|w(CaOODSP)9.506483 |
| 856 | 40|ahttp://publications.gc.ca|qPDF|s586 KB|uhttps://publications.gc.ca/collections/collection_2011/mpo-dfo/Fs70-4-2006-024-eng.pdf|y2006/024 |